[Event "ASEAN-ch"]
[Site "Quezon City"]
[Date "2023.02.16"]
[Round "9"]
[White "Gomez, John Paul"]
[Black "Bersamina, Paulo"]
[Result "1/2-1/2"]
[WhiteElo "2474"]
[BlackElo "2427"]
[PlyCount "62"]
[EventDate "2023.02.11"]
[EventType "tourn"]
[EventRounds "11"]
[EventCountry "PHI"]
[EventCategory "6"]
[SourceTitle "CBM 212 Extra"]
[Source "ChessBase"]
[SourceDate "2023.03.31"]
[SourceVersion "1"]
[SourceVersionDate "2023.03.31"]
[SourceQuality "1"]

1. e4 c5 2. Nf3 e6 3. d4 cxd4 4. Nxd4 Bc5 5. Nc3 Qb6 6. Na4 Qa5+ 7. Nc3 Qb6 8. Be3 Nc6 9. Na4 Qa5+ 10. c3 Bxd4 11. Bxd4 Nxd4 12. Qxd4 e5 13. Qb4 Qxb4 14. cxb4 Nf6 15. Nc3 d6 16. 0-0-0 Be6 17. Rxd6 Rc8 18. f3 Ke7 19. Rd2 Bxa2 20. Kc2 Be6 21. Be2 Rhd8 22. Rhd1 Rxd2+ 23. Rxd2 Rd8 24. Rxd8 Kxd8 25. Nb5 a6 26. Nc3 Kd7 27. b5 axb5 28. Bxb5+ Kd6 29. b4 h6 30. Kd3 Nh5 31. g3 g6 1/2-1/2

[Event "ASEAN-ch"]
[Site "Quezon City"]
[Date "2023.02.15"]
[Round "7"]
[White "Dau, Khuong Duy"]
[Black "Bersamina, Paulo"]
[Result "1/2-1/2"]
[WhiteElo "2116"]
[BlackElo "2427"]
[PlyCount "320"]
[EventDate "2023.02.11"]
[EventType "tourn"]
[EventRounds "11"]
[EventCountry "PHI"]
[EventCategory "6"]
[SourceTitle "CBM 212 Extra"]
[Source "ChessBase"]
[SourceDate "2023.03.31"]
[SourceVersion "1"]
[SourceVersionDate "2023.03.31"]
[SourceQuality "1"]

1. e4 e5 2. Nf3 Nc6 3. Bb5 a6 4. Ba4 Nf6 5. 0-0 Nxe4 6. d4 b5 7. Bb3 d5 8. dxe5 Be6 9. c3 h6 10. Nbd2 Nc5 11. Bc2 d4 12. Ne4 dxc3 13. bxc3 Qxd1 14. Rxd1 Na4 15. Nd4 Nxd4 16. cxd4 Nb6 17. Be3 0-0-0 18. Bb3 Kb7 19. Rac1 Nd5 20. Bd2 Ba3 21. Nc5+ Bxc5 22. Rxc5 c6 23. Bxd5 Bxd5 24. Ra1 Bc4 25. Bc3 Rd7 26. a3 Rhd8 27. Rd1 Rd5 28. Rxd5 Rxd5 29. Bb4 Kb6 30. f4 a5 31. Bf8 g6 32. Kf2 b4 33. axb4 a4 34. Ra1 Kb5 35. Ke3 Rd8 36. Bc5 Ra8 37. Ra3 Bd5 38. g3 Be6 39. Kd2 g5 40. f5 Bxf5 41. Kc3 Be6 42. Kb2 h5 43. Rc3 h4 44. Be7 hxg3 45. hxg3 Bc4 46. Bf6 Kxb4 47. Bxg5 Rh8 48. Be7+ Kb5 49. Bh4 Rh5 50. Rf3 Bd5 51. Rf2 Kc4 52. Ka3 Rh8 53. Rb2 Rg8 54. Rb4+ Kc3 55. Rb6 Kxd4 56. Rb4+ Kc3 57. g4 Bb3 58. Bf6 Kd3 59. g5 Rc8 60. e6 Bxe6 61. Rd4+ Ke3 62. Rxa4 c5 63. Kb2 Rb8+ 64. Kc1 Bf5 65. Ra3+ Bd3 66. Bb2 Rb4 67. Ra7 Rg4 68. Re7+ Be4 69. Ba3 Rxg5 70. Rc7 Kd4 71. Rxf7 Rg1+ 72. Kd2 Rg2+ 73. Ke1 Ra2 74. Ra7 Rc2 75. Rd7+ Bd5 76. Kd1 Rh2 77. Kc1 Rh1+ 78. Kd2 Rh2+ 79. Kc1 c4 80. Bb2+ Kc5 81. Ba3+ Kd4 82. Bb2+ Ke4 83. Rd6 Rg2 84. Rd7 Be6 85. Rd2 Rg1+ 86. Rd1 Rg3 87. Re1+ Kd5 88. Rd1+ Kc5 89. Re1 Bf7 90. Kd2 Kb4 91. Re3 Rg2+ 92. Re2 Rg8 93. Re3 Rd8+ 94. Kc1 Bg6 95. Ba3+ Ka4 96. Be7 Rh8 97. Ra3+ Kb5 98. Re3 Rh2 99. Rc3 Bd3 100. Bd6 Rh6 101. Be7 Re6 102. Bf8 Rf6 103. Be7 Rf2 104. Bd6 Kc6 105. Bb4 Rf1+ 106. Kd2 Rb1 107. Rxd3 cxd3 108. Bc3 Kd5 109. Kxd3 Rb3 110. Kd2 Ke4 111. Bf6 Rf3 112. Bg7 Rf7 113. Bb2 Rc7 114. Bf6 Rc6 115. Bg7 Rd6+ 116. Kc3 Rg6 117. Bf8 Kd5 118. Be7 Rc6+ 119. Kd3 Re6 120. Bg5 Rg6 121. Bf4 Ra6 122. Bc1 Ra1 123. Bb2 Rb1 124. Bf6 Rb3+ 125. Bc3 Ra3 126. Kd2 Ke4 127. Bf6 Rd3+ 128. Kc2 Ke3 129. Bc3 Rd6 130. Bg7 Rg6 131. Bh8 Rc6+ 132. Kb3 Ke4 133. Kb4 Kd5 134. Bg7 Rg6 135. Bh8 Rg4+ 136. Kc3 Rg6 137. Kb4 Rc6 138. Bg7 Rc4+ 139. Kb3 Rg4 140. Bf6 Rf4 141. Be7 Rf3+ 142. Kb4 Rf7 143. Bg5 Kd4 144. Kb3 Rf5 145. Bh6 Rf7 146. Bg5 Rb7+ 147. Kc2 Rc7+ 148. Kd2 Rc6 149. Be3+ Ke4 150. Ba7 Rh6 151. Bc5 Rh3 152. Bb6 Rd3+ 153. Kc2 Rd6 154. Bf2 Rc6+ 155. Kd2 Ra6 156. Kc3 Ra3+ 157. Kb4 Rf3 158. Ba7 Kd5 159. Bg1 Rb3+ 160. Kxb3 Ke5 1/2-1/2

[Event "PHI-ch"]
[Site "Malolos"]
[Date "2023.02.06"]
[Round "8"]
[White "Bersamina, Paulo"]
[Black "Bacojo, Mark Jay"]
[Result "1/2-1/2"]
[WhiteElo "2427"]
[BlackElo "2266"]
[PlyCount "124"]
[EventDate "2023.02.01"]
[EventType "tourn"]
[EventRounds "9"]
[EventCountry "PHI"]
[EventCategory "5"]
[SourceTitle "CBM 212 Extra"]
[Source "ChessBase"]
[SourceDate "2023.03.31"]
[SourceVersion "1"]
[SourceVersionDate "2023.03.31"]
[SourceQuality "1"]

1. e4 c5 2. Nf3 Nc6 3. d4 cxd4 4. Nxd4 e5 5. Nb5 d6 6. c4 Be7 7. N1c3 a6 8. Na3 Nf6 9. Bd3 0-0 10. 0-0 Nd7 11. Be2 Nc5 12. Bg4 Bg5 13. Be3 Bxe3 14. fxe3 Qg5 15. Bxc8 Qxe3+ 16. Kh1 Raxc8 17. Nc2 Qd3 18. Qxd3 Nxd3 19. b3 b5 20. Ne3 Nd4 21. Ncd5 Rfe8 22. Rad1 Nc5 23. cxb5 axb5 24. Nf5 Nxf5 25. exf5 f6 26. Nc3 b4 27. Nb5 Red8 28. Rxd6 Rxd6 29. Nxd6 Rd8 30. Nc4 Ra8 31. Rf2 Nxb3 32. Rb2 Nd4 33. g4 h5 34. h3 Kh7 35. Kh2 h4 36. Kg1 Kh6 37. Kf2 Kg5 38. Ke3 Rc8 39. Kd3 Rd8 40. Ke3 Ra8 41. Ke4 Ra4 42. Nd6 Nxf5 43. Nf7+ Kg6 44. Nxe5+ fxe5 45. gxf5+ Kf6 46. Rb3 Kg5 47. Kxe5 Rxa2 48. Rxb4 Re2+ 49. Re4 Rg2 50. Re3 Rf2 51. Ke4 Rxf5 52. Rf3 Ra5 53. Rb3 Ra2 54. Rb5+ Kh6 55. Rb6+ g6 56. Kf3 Kh5 57. Rb5+ g5 58. Rb3 Rh2 59. Ke4 Rf2 60. Rf3 Ra2 61. Rb3 Rg2 62. Ra3 Rg3 1/2-1/2